| 000 | 03169nam a22003137a 4500 | ||
|---|---|---|---|
| 005 | 20230926172147.0 | ||
| 008 | 230926b ||||| |||| 00| 0 eng d | ||
| 020 | _a9789383074761 | ||
| 040 | _cAL | ||
| 041 | _aeng | ||
| 082 |
_223 _a362.8 _bIRUD |
||
| 100 |
_aAloysius Irudayam and others _9135259 |
||
| 245 |
_aDalit Women Speak Out: _bCaste Class and Gender Violence in India |
||
| 260 |
_aNew Delhi _bZubaan _c2014 |
||
| 300 |
_axx,445p. _bPB _c21x14cm. |
||
| 365 |
_2Journalism _a4768 _b4230.00 _c₹ _d4700.00 _e20% _f23-09-2023 |
||
| 520 | _aThe right to equality regardless of gender or caste is fundamental in India. Yet even the Indian government has acknowledged that the institutional forces arrayed against this right are powerful - and, what's more, that they shape people's mindsets in a way that encourages them to accept pervasive gender and caste inequality. This is nowhere more apparent than within the cast-segregated localities where Dalit women live. This volume presents an analytical overview of the complexities of the systemic violence that Dalit women face, through analysis of five hundred narratives by Dalit women from four states. The book joins analysis to excerpts of these narratives, which are then used to illustrate wider trends and patterns, with the goal of bringing attention, and understanding, to the plight of these women. This study presents an analytical overview of the complexities of systemic violence that Dalit women face through analysis of 500 Dalit women's narratives across four states. Excerpts of these narratives are utilized to illustrate the wider trends and patterns of different manifestations of violence against Dalit women. About the Author: Aloysius Irudayam S. J. is program director of the Research, Advocacy, and Human Rights Education Department at the Institute of Development Education, Action and Studies in Tamil Nadu. Jayshree P. Mangubhai is currently a senior program officer with Christian Aid in India. Joel G. Lee was a researcher at the Indian Institute of Dalit Studies and is now a graduate student at Columbia University | ||
| 521 | _aTABLE OF CONTENTS Acknowledgements Abbreviations A Note from the Authors Introduction 1. Conceptual Framework 2. Profile of Dalit Women 3. The Social Context 4. Forms and Frequency of Violence: An Overview 5. Verbal Abuse 6. Physical Assault 7. Sexual Violence 8. Kidnapping, Abduction and Forced Incarceration 9. Medical Negligence 10. Female Foeticide and Infanticide, Child Abuse and Domestic Violence 11. Causal Factors for Violence 12. Dalit Women’s Courage and Resilience 13. Effects of Violence on Dalit Women 14. Responses to Violence against Dalit Women 15. Concluding Observations Bibliography Glossary | ||
| 650 |
_aVerbal Abuse _9135141 |
||
| 650 |
_aDalit Women Violence against India _9135255 |
||
| 650 |
_a Women's Studies _9135253 |
||
| 650 |
_aPhysical Assault _9135142 |
||
| 650 |
_aSexual Violence againt Dalit women _9135144 |
||
| 650 |
_a Social Welfare _9135258 |
||
| 700 |
_aIRUDAYAM (Aloysius) _9135145 |
||
| 700 |
_aMANGUBHAI (Jayshree P) _9135146 |
||
| 700 |
_aLEE (Joel G) _9135147 |
||
| 942 |
_2ddc _cBK |
||
| 999 |
_c228896 _d228896 |
||